[Event "Moscow ACF Botvinnik Memorial"]
[Site "Moscow"]
[Date "2018.08.12"]
[Round "5.5"]
[White "Paichadze, Luka"]
[Black "Annageldiyev, Azatgeldi"]
[Result "1-0"]
[WhiteElo "2564"]
[BlackElo "1727"]
[PlyCount "97"]
[EventDate "2018.08.10"]
[EventType "team-swiss"]
[EventRounds "7"]
[EventCountry "RUS"]
[SourceTitle "CBM 186 Extra"]
[Source "ChessBase"]
[SourceDate "2018.08.24"]
[SourceVersion "1"]
[SourceVersionDate "2018.08.24"]
[SourceQuality "1"]
[WhiteTeam "Georgia"]
[BlackTeam "Turkmenistan"]
[WhiteTeamCountry "GEO"]
[BlackTeamCountry "TKM"]

1. e4 c5 2. Nf3 d6 3. d4 cxd4 4. Qxd4 Nc6 5. Bb5 Bd7 6. Bxc6 Bxc6 7. Nc3 Nf6 8. Bg5 e6 9. 0-0-0 Be7 10. Rhe1 Qa5 11. Kb1 0-0 12. Qd2 Rfe8 13. Nd4 Qb6 14. f3 a5 15. a4 Rac8 16. Ndb5 Bxb5 17. Nxb5 d5 18. Bxf6 Bxf6 19. exd5 exd5 20. Qxd5 Rxe1 21. Rxe1 Rd8 22. Qd6 Qxd6 23. Nxd6 b6 24. Nc4 Bd4 25. Rd1 Bf6 26. Rxd8+ Bxd8 27. Kc1 f5 28. Kd2 Kf7 29. Kd3 Ke6 30. c3 h5 31. b4 h4 32. bxa5 bxa5 33. Nd2 Bc7 34. Nf1 g5 35. Kc4 Be5 36. Kd3 Bc7 37. c4 Be5 38. h3 Kd6 39. Ne3 f4 40. Ng4 Bg7 41. Nf2 Ke5 42. Ne4 Bh6 43. Nc5 Kd6 44. Nb3 Bf8 45. Nxa5 Kc5 46. Nb7+ Kb6 47. Nd8 Ka5 48. Ne6 Be7 49. c5 1-0